| 000 | 00600nam a22001937a 4500 | ||
|---|---|---|---|
| 999 |
_c8003 _d8003 |
||
| 003 | OSt | ||
| 005 | 20220824121233.0 | ||
| 008 | 220824b ||||| |||| 00| 0 eng d | ||
| 020 | _a9788126523017 | ||
| 040 | _cddc | ||
| 082 | _a338.476 GRO 2009 | ||
| 100 |
_aGroover, Mikell P. _914800 |
||
| 245 |
_aFundamentals of modern manufacturing : _bmaterials, processes, and systems |
||
| 260 |
_aNew York : _b Wiley; _c2009 |
||
| 300 |
_a1,014 pages : _b illustrations ; _c26 cm |
||
| 504 | _aIncludes bibliographical references and index. | ||
| 650 |
_aProduction engineering. _92903 |
||
| 942 |
_2ddc _cBOOK |
||